Lanean...

Spectroscopy of High-Tc Superconductors:A Theoretical View

Xehetasun bibliografikoak
Egile nagusia: Plakinda,N.M
Formatua: Printed Book
Argitaratua: London T&F 2003
Gaiak:
LEADER 00474nam a22001457a 4500
020 |a 0415288088 
082 |a 537.623  |b PLA 
100 |a Plakinda,N.M 
245 |a Spectroscopy of High-Tc Superconductors:A Theoretical View 
260 |a London  |b T&F  |c 2003 
300 |a vi,294 
650 |a Superconductors 
942 |c BK 
999 |c 129406  |d 129402 
952 |0 0  |1 0  |4 0  |6 537_623000000000000_PLA  |7 0  |8 NFIC  |9 128079  |a SPAP  |b SPAP  |c GEN  |d 2017-08-25  |l 0  |o 537.623 PLA  |p SPAP2834  |r 2017-08-25  |w 2017-08-25  |y BK